00540nam a2200109Ia 4500008004100000020001800041100007100059245020700130260002700337650001300364856005300377171212s9999 xx 000 0 und d a9780833085863 aGalvan, David A.;Hemenway, Brett;Welser, William IV;Baiocchi, Dave cGalvan, David A.;Hemenway, Brett;Welser, William IV;Baiocchi, DaveaSatellite AnomaliesbBenefits of a Centralized Anomaly Database and Methods for Securely Sharing Information Among Satellite Operators bRAND Corporationc2014 aBusiness uhttp://www.jstor.org/stable/10.7249/j.ctt14bs1m1